000
00370nam a2200133Ia 4500
008
100328s9999 xx 000 0 und d
082
_b
58691
100
_a
वर्तक उषा.
245
_a
विक्रमसिंह.
260
_b
शकुन.
630
_a
विक्रमसिंह.
730
_a
विक्रमसिंह.
942
_c
BOOK
999
_c
545000
_d
544997